| 000 | 01105cam a2200325 a 4500 | ||
|---|---|---|---|
| 999 |
_c41822 _d41822 |
||
| 001 | 16044975 | ||
| 003 | OSt | ||
| 005 | 20221115103513.0 | ||
| 008 | 100107s2011 maua b 001 0 eng | ||
| 010 | _a 2009053058 | ||
| 020 | _a9789332518858 | ||
| 020 | _a9780137035151 | ||
| 020 | _a0137035152 | ||
| 020 | _a0137053460 | ||
| 020 | _a9780137053469 | ||
| 035 | _a(OCoLC)ocn462909026 | ||
| 040 |
_aDLC _cDLC _dBTCTA _dYDXCP _dC#P _dBWX _dDEBBG _dVP@ _dDLC |
||
| 050 | 0 | 0 |
_aQA76.758 _b.S657 2011 |
| 082 | 0 | 0 |
_a005.1 _222 _bSOM/S |
| 100 | 1 |
_aSommerville, Ian, _d1951- _99308 |
|
| 245 | 1 | 0 |
_aSoftware engineering / _cIan Sommerville. |
| 250 | _a9th ed. | ||
| 260 |
_aBoston : _bPearson, _cc2011. |
||
| 300 |
_axv, 773 p. : _bill. ; _c24 cm. |
||
| 504 | _aIncludes bibliographical references and indexes. | ||
| 650 | 0 | _aSoftware engineering. | |
| 906 |
_a7 _bcbc _corignew _d1 _eecip _f20 _gy-gencatlg |
||
| 942 |
_2ddc _cBK _h005.1 _iSOM/S _k005.1 _mSOM/S |
||